00634nam a2200205 a 4500003000400000005001700004008004100021017002100062020001500083040001400098100002700112245009700139260004300236300001900279500004500298504002700343650002900370650002100399650000800420OSt20151026133602.0991119s1999 spc|||||| 001 ||spa|d aDL B. 37205-1999 a8449307651 bcatcCDMR1 aMurray, Janet Horowitz10aHamlet en la holocubierta b: el futuro de la narrativa en el ciberespacio cJanet H. Murray aBarcelona [etc.] bPaidósccop. 1999 a330 p. c24 cm aTítol original: Hamlet on the holodeck aBibliografia. Índexs04aMultimèdia interactius04aRealitat virtual04aWeb